| 000 | 01283cam a2200313 a 4500 | ||
|---|---|---|---|
| 001 | 13042419 | ||
| 005 | 20161007110706.0 | ||
| 008 | 021227s2004 maua b 001 0 eng | ||
| 010 | _a 2002045535 | ||
| 020 | _a0072823119 (alk. paper) | ||
| 020 | _a0071214984 (international : alk. paper) | ||
| 040 |
_aDLC _cDLC _dDLC |
||
| 050 | 0 | 0 |
_aHF5548.32 _b.O27 2004 |
| 082 | 0 | 0 |
_aDC 658.403811 _22004 _bOb6m |
| 100 | 1 |
_aO'Brien, James A., _d1936- |
|
| 245 | 1 | 0 |
_aManagement information systems: _bmanaging information technology in the business enterprise/ _cJames A. O'Brien. |
| 250 | _a6th edition | ||
| 260 |
_aBoston: _bMcGraw-Hill/Irwin, _cc2004. |
||
| 300 |
_axxviii, 529 pages+various paging: _bcolor illustrations; _c29 cm. |
||
| 504 | _aIncludes appendix, bibliographical references, glossary and indexes. | ||
| 650 | 0 | _aElectronic commerce. | |
| 650 | 0 |
_aInformation technology _xManagement. |
|
| 650 | 0 | _aManagement information systems. | |
| 650 | 0 |
_aBusiness _xData processing. |
|
| 856 | 4 | 1 |
_3Table of contents only _uhttp://www.loc.gov/catdir/enhancements/fy0702/2002045535-t.html |
| 906 |
_a0 _bvip _corignew _d1 _eocip _f20 _gy-gencatlg |
||
| 942 |
_2ddc _cDC |
||
| 999 |
_c5042 _d5042 |
||